000 00289nam a22001217a 4500
005 20170724122318.0
008 170724b xxu||||| |||| 00| 0 eng d
041 _aeng
100 _aTopnoo,Paulush
_93880
245 _aChotanagpur ke Adiwasi
260 _bSatya Bharti Prakashan
942 _cBK
999 _c5497
_d5495